Transitions between childlessness and first birth : three generations of U.S. women.

Bibliographic Details
Corporate Author: National Center for Health Statistics (U.S.)
Format: Government Document eBook
Language:English
Published: Hyattsville, Md. : U.S. Dept. of Health and Human Services, Centers for Disease Control and Prevention, National Center for Health Statistics, [2011]
Series:Vital and health statistics. Data evaluation and methods research ; no. 153.
DHHS publication ; no. (PHS) 2011-1353.
Subjects:
Online Access:https://purl.fdlp.gov/GPO/gpo26193

MARC

Tag First Indicator Second Indicator Subfields
LEADER 00000cam a2200000 a 4500
001 in00002761821
005 20211120165321.0
006 m d f
007 cr bn|||||||||
008 120802s2011 mdua ob f000 0 eng c
035 |a (OCoLC)ocn803422809 
040 |a GPO  |c GPO  |d GPO  |d MvI  |d UtOrBLW 
042 |a pcc 
043 |a n-us--- 
049 |a WWW 
074 |a 0500-E (online) 
086 0 |a HE 20.6209:2/153 
245 0 0 |a Transitions between childlessness and first birth :  |b three generations of U.S. women. 
264 1 |a Hyattsville, Md. :  |b U.S. Dept. of Health and Human Services, Centers for Disease Control and Prevention, National Center for Health Statistics,  |c [2011] 
300 |a 1 online resource (26 unnumbered pages) :  |b illustrations 
336 |a text  |b txt  |2 rdacontent 
337 |a computer  |b c  |2 rdamedia 
338 |a online resource  |b cr  |2 rdacarrier 
490 1 |a Vital and health statistics. Series 2 ;  |v no. 153 
490 1 |a DHHS publication ;  |v no. (PHS) 2011-1353 
500 |a Title from title screen (viewed on Aug. 2, 2012). 
500 |a "August 2011." 
504 |a Includes bibliographical references (pages [17-18]). 
500 |a Electronic resource. 
650 0 |a Birth intervals  |z United States  |v Statistics. 
650 0 |a Fertility  |z United States  |v Statistics. 
710 2 |a National Center for Health Statistics (U.S.) 
776 0 8 |i Print version:  |t Transitions between childlessness and first birth  |w (DLC) 2011017791  |w (OCoLC)720560429 
830 0 |a Vital and health statistics.  |n Series 2,  |p Data evaluation and methods research ;  |v no. 153. 
830 0 |a DHHS publication ;  |v no. (PHS) 2011-1353. 
856 4 0 |u https://purl.fdlp.gov/GPO/gpo26193  |t 0 
999 |a MARS 
999 f f |s 4be14be7-58f9-358a-b956-8f1eaaec930e  |i ad89053a-9e9a-333e-a69c-36849c4efe2e  |t 0 
952 f f |a Texas A&M University  |b College Station  |c Electronic Resources  |d Available Online  |t 0  |e HE 20.6209:2/153  |h Superintendent of Documents classification 
998 f f |a HE 20.6209:2/153  |t 0  |l Available Online